Komparácia open source nástrojov na manažovanie databáz bakalárska práca

Salvato in:
Dettagli Bibliografici
Autore principale: Beláň, Patrik
Ente Autore: Fakulta hospodárskej informatiky EU. Katedra aplikovanej informatiky
Altri autori: Kultan, Jaroslav, 1960-
Natura: Libro
Lingua:slovacco
Pubblicazione: Bratislava 2018
Tags: Aggiungi Tag
Nessun Tag, puoi essere il primo ad aggiungerne!!

MARC

LEADER 00000nbm a2200000 4500
001 0245428
005 20181015105630.9
041 0 |a slo 
044 |a SK 
245 1 0 |a Komparácia open source nástrojov na manažovanie databáz  |b bakalárska práca  |c Patrik Beláň ; školiteľ: Jaroslav Kultan 
264 1 |a Bratislava  |c 2018 
300 |a 57 s. 
100 1 |a Beláň, Patrik 
700 1 |a Kultan, Jaroslav, 1960- 
710 2 |a Fakulta hospodárskej informatiky EU. Katedra aplikovanej informatiky